| 000 | 00403nam a2200157Ia 4500 | ||
|---|---|---|---|
| 008 | 200103s9999||||xx |||||||||||||| ||und|| | ||
| 020 | _a9781870077767, | ||
| 040 | _aIMU-MPC | ||
| 082 | _aColumn-4 | ||
| 100 | _aPhil Anderson | ||
| 245 | 4 | _aThe mariner's role in collecting evidence in light of ISM | |
| 250 | _a3rd Ed. | ||
| 260 |
_bThe Nautical Institute _c2006 |
||
| 300 | _axvi, 400 | ||
| 942 | _cBK | ||
| 999 |
_c3179 _d3179 |
||